Pharmacoepidemiology (Record no. 1091)

MARC details
000 -LEADER
fixed length control field 01352cam a22003734a 4500
001 - CONTROL NUMBER
control field 11849690
003 - CONTROL NUMBER IDENTIFIER
control field OSt
005 - DATE AND TIME OF LATEST TRANSACTION
control field 20190823104319.0
008 - FIXED-LENGTH DATA ELEMENTS--GENERAL INFORMATION
fixed length control field 991124r20022000enka b 001 0 eng c
010 ## - LIBRARY OF CONGRESS CONTROL NUMBER
LC control number 99059591
020 ## - INTERNATIONAL STANDARD BOOK NUMBER
International Standard Book Number 0471899259 (cased : alk. paper)
035 ## - SYSTEM CONTROL NUMBER
System control number (DNLM)100901685
040 ## - CATALOGING SOURCE
Original cataloging agency DNLM/DLC
Transcribing agency DLC
Modifying agency DLC
042 ## - AUTHENTICATION CODE
Authentication code pcc
050 00 - LIBRARY OF CONGRESS CALL NUMBER
Classification number RM302.5
Item number .P53 2000
060 10 - NATIONAL LIBRARY OF MEDICINE CALL NUMBER
Classification number QZ 42
Item number P536 2000
082 00 - DEWEY DECIMAL CLASSIFICATION NUMBER
Classification number QV 738 P494b 2000
Edition number 21
100 ## - MAIN ENTRY--PERSONAL NAME
Personal name Edited by Brian L. Strom.
9 (RLIN) 12862
245 00 - TITLE STATEMENT
Title Pharmacoepidemiology
250 ## - EDITION STATEMENT
Edition statement 3rd ed.
260 ## - PUBLICATION, DISTRIBUTION, ETC. (IMPRINT)
Place of publication, distribution, etc. Chichester ;
-- New York :
Date of publication, distribution, etc. 2002, c2000.
300 ## - PHYSICAL DESCRIPTION
Extent xxii, 874 p. :
Other physical details ill. ;
Dimensions 26 cm.
500 ## - GENERAL NOTE
General note "Reprinted 2002."
504 ## - BIBLIOGRAPHY, ETC. NOTE
Bibliography, etc Includes bibliographical references and index.
650 #0 - SUBJECT ADDED ENTRY--TOPICAL TERM
Topical term or geographic name as entry element Pharmacoepidemiology.
9 (RLIN) 1654
650 #0 - SUBJECT ADDED ENTRY--TOPICAL TERM
Topical term or geographic name as entry element Pharmacology.
9 (RLIN) 357
650 12 - SUBJECT ADDED ENTRY--TOPICAL TERM
Topical term or geographic name as entry element Pharmacoepidemiology
General subdivision methods.
9 (RLIN) 2960
856 42 - ELECTRONIC LOCATION AND ACCESS
Materials specified Publisher description
Uniform Resource Identifier http://www.loc.gov/catdir/description/wiley034/99059591.html
856 4# - ELECTRONIC LOCATION AND ACCESS
Materials specified Table of Contents
Uniform Resource Identifier http://www.loc.gov/catdir/toc/onix06/99059591.html
906 ## - LOCAL DATA ELEMENT F, LDF (RLIN)
a 7
b cbc
c orignew
d 1
e ocip
f 19
g y-gencatlg
942 ## - ADDED ENTRY ELEMENTS (KOHA)
Source of classification or shelving scheme Other/Generic Classification Scheme
Koha item type Short Loan
Holdings
Withdrawn status Lost status Source of classification or shelving scheme Damaged status Not for loan Home library Current library Date acquired Source of acquisition Inventory number Total Checkouts Full call number Barcode Date last seen Price effective from Koha item type
    Other/Generic Classification Scheme     MUST Main Library MUST Main Library 26/02/2015   2005/24381   QV 738 P494b 2000 2015-0373 26/02/2015 26/02/2015 Short Loan